| 000 | 00682cam a22002413a 4500 | ||
|---|---|---|---|
| 001 | 30620 | ||
| 003 | PGUSA | ||
| 005 | 20140828083649.0 | ||
| 008 | 091207s2009||||xxu|||||s|||||000 | eng d | ||
| 040 |
_aPGUSA _beng |
||
| 042 | _adc | ||
| 050 | 4 | _aQH | |
| 100 | 1 | _aFox, Richard C. | |
| 245 | 1 | 0 |
_aTwo New Pelycosaurs from the Lower Permian of Oklahoma _h[electronic resource] / _cRichard C. Fox |
| 260 |
_bProject Gutenberg, _c2009 |
||
| 506 | _aPublic domain in the USA. | ||
| 516 | _aElectronic text | ||
| 653 | _aPaleontology -- Permian | ||
| 653 | _aPelycosauria | ||
| 830 | 0 |
_aProject Gutenberg _v30620 |
|
| 856 | 4 | 0 | _uhttp://www.gutenberg.org/ebooks/30620 |
| 942 | _cEB | ||
| 999 |
_c259875 _d259875 |
||